| 000 | 01487nam a22002297a 4500 | ||
|---|---|---|---|
| 003 | BJBSDDR | ||
| 005 | 20260302152207.0 | ||
| 007 | ta | ||
| 008 | 260302s2024 fr ||||| |||| 00| 0 fre d | ||
| 020 | _a9782940719723 | ||
| 020 | _a 2940719721 | ||
| 040 |
_bspa _cBJBSDDR |
||
| 041 | _afre | ||
| 050 | _bM654 2024 | ||
| 100 | 1 |
_aMillière, Guy _947266 |
|
| 245 | 1 | 0 |
_aAprès l'Amérique : _bpourquoi l'élection présidentielle du 5 novembre 2024 pourrait être la dernière élection démocratique aux États-Unis / _cGuy Millière |
| 260 |
_aParis : _bBalland, _c2024 |
||
| 300 |
_a243 pages ; _c23 cm |
||
| 520 | _aAprès quatre années de présidence Biden, les États-Unis sont à la croisée des chemins. Ce livre explique de façon précise et documentée l'effet de la politique de l'administration Biden sur les États-Unis et sur le monde, et permet de déchiffrer les évolutions géopolitiques ainsi que les ressorts de la confrontation entre le parti républicain et le parti démocrate. Le choix en 2024 sera entre la continuation de la transformation radicale du pays et un redressement. Si la transformation radicale se poursuit, les États-Unis cesseront de jouer le rôle qui a été le leur depuis la Deuxième Guerre Mondiale, et ils entreront dans une phase post-américaine, avec toutes les conséquences planétaires qui découleront. Le cas échéant, un monde bien moins sûr pour la démocratie et la liberté. | ||
| 942 |
_2lcc _n0 _cBK |
||
| 946 | _icmc | ||
| 999 |
_c126491 _d126491 |
||